LDR 00662naa#a2200181#i#450# 001 EN\\bibl\122869 005 20260512115457.2 011 ## _a2073-4018 100 ## _a20260508b2026####ek#y0engy0150####ca 102 ## _aRU 200 1# _aMore than just protection: packaging systems as a tool for controlled cheese ripening _eJournal article 210 1# _aKemerovo _cKemerovo State University _d2026 215 ## _a2 с. 608 ## _aJournal article _2local 675 ## _aСельское хозяйство. Лесное хозяйство. Охота. Рыбное хозяйство. 63 _z 700 #1 _aRogov _gGrigory N. 700 #1 _aSmirnova _gTatiana S. 856 4# _avestnik-pses.kemsu.ru _u